[Event "WLC A groep"]
[Site "Eindhoven, Netherlands"]
[Date "2019.05.26"]
[Round "6.6"]
[White "Van Doren, Bas"]
[Black "Wiley, Tom E"]
[Result "0-1"]
[WhiteElo "1956"]
[BlackElo "2161"]

1. e4 {[%emt 00:23:18]} e6 {[%emt 00:02:58]} 2. d4 {[%emt 00:00:37]} d5 {[%emt
00:00:04]} 3. e5 {[%emt 00:00:08]} c5 {[%emt 00:00:05]} 4. c3 {[%emt 00:00:04]}
Nc6 {[%emt 00:00:06]} 5. Nf3 {[%emt 00:00:04]} Bd7 {[%emt 00:00:05]} 6. Bd3
{[%emt 00:01:01]} cxd4 {[%emt 00:00:37]} 7. cxd4 {[%emt 00:00:10]} Qb6 {[%emt
00:00:05]} 8. O-O {[%emt 00:00:21]} Nxd4 {[%emt 00:00:13]} 9. Nbd2 {[%emt
00:00:09]} Nc6 {[%emt 00:06:24]} 10. Nb3 {[%emt 00:01:08]} Nge7 {[%emt
00:01:48]} 11. Be3 {[%emt 00:02:52]} Qc7 {[%emt 00:00:20]} 12. Rc1 {[%emt
00:00:40]} Ng6 {[%emt 00:00:52]} 13. Bd4 {[%emt 00:05:32]} Be7 {[%emt
00:07:46]} 14. Re1 {[%emt 00:10:40]} O-O {[%emt 00:03:09]} 15. h4 {[%emt
00:06:30]} Qd8 {[%emt 00:12:45]} 16. g3 {[%emt 00:02:58]} Nxd4 {[%emt
00:00:55]} 17. Nbxd4 {[%emt 00:04:29]} Re8 {[%emt 00:07:52]} 18. Qd2 {[%emt
00:08:13]} Nf8 {[%emt 00:05:26]} 19. b4 {[%emt 00:08:28]} Qb6 {[%emt 00:03:00]}
20. a3 {[%emt 00:03:38]} Rec8 {[%emt 00:01:07]} 21. Kg2 {[%emt 00:04:29]} Rxc1
{[%emt 00:01:10]} 22. Rxc1 {[%emt 00:00:15]} a5 {[%emt 00:03:37]} 23. Ng5
{[%emt 00:06:10]} axb4 {[%emt 00:05:14]} 24. axb4 {[%emt 00:00:35]} Qxb4 {[%emt
00:03:12]} 25. Qxb4 {[%emt 00:03:05]} Bxb4 {[%emt 00:00:17]} 26. Rc7 {[%emt
00:00:07]} h6 {[%emt 00:02:45]} 27. Nh7 {[%emt 00:01:57]} Bc8 {[%emt 00:01:14]}
28. Nxf8 {[%emt 00:01:10]} Kxf8 {[%emt 00:00:11]} 29. Nb3 {[%emt 00:03:14]} Be7
{[%emt 00:00:43]} 30. Bb5 {[%emt 00:00:55]} Bd8 {[%emt 00:00:21]} 31. Rc2
{[%emt 00:00:51]} Ke7 {[%emt 00:00:50]} 0-1

[Event "WLC A groep"]
[Site "Eindhoven, Netherlands"]
[Date "2019.05.26"]
[Round "6.7"]
[White "Van Dooren, Dirk"]
[Black "Becx, Cesar"]
[Result "0-1"]
[WhiteElo "2360"]
[BlackElo "2071"]

1. e4 {[%clk 01:30:56]} {[%emt 00:00:04]} e5 {[%clk 01:30:51]} {[%emt
00:00:09]} 2. Nf3 {[%clk 01:31:17]} {[%emt 00:00:09]} Nc6 {[%clk 01:31:16]}
{[%emt 00:00:05]} 3. d4 {[%clk 01:31:42]} {[%emt 00:00:06]} exd4 {[%clk
01:31:16]} {[%emt 00:00:29]} 4. Nxd4 {[%clk 01:32:05]} {[%emt 00:00:07]} Nf6
{[%clk 01:29:09]} {[%emt 00:02:37]} 5. Nxc6 {[%clk 01:31:50]} {[%emt 00:00:45]}
bxc6 {[%clk 01:29:27]} {[%emt 00:00:12]} 6. e5 {[%clk 01:32:11]} {[%emt
00:00:10]} Qe7 {[%clk 01:29:46]} {[%emt 00:00:11]} 7. Qe2 {[%clk 01:32:31]}
{[%emt 00:00:09]} Nd5 {[%clk 01:30:10]} {[%emt 00:00:05]} 8. c4 {[%clk
01:32:07]} {[%emt 00:00:55]} Nb6 {[%clk 01:30:35]} {[%emt 00:00:05]} 9. Nc3
{[%clk 01:31:55]} {[%emt 00:00:42]} Qe6 {[%clk 01:30:22]} {[%emt 00:00:43]} 10.
b3 {[%clk 01:29:33]} {[%emt 00:02:53]} a5 {[%clk 01:27:16]} {[%emt 00:03:36]}
11. f4 {[%clk 01:22:51]} {[%emt 00:07:12]} Bb4 {[%clk 01:22:39]} {[%emt
00:05:07]} 12. Bd2 {[%clk 01:23:17]} {[%emt 00:00:04]} a4 {[%clk 01:14:14]}
{[%emt 00:08:55]} 13. Rb1 {[%clk 01:23:42]} {[%emt 00:00:05]} O-O {[%clk
00:59:08]} {[%emt 00:15:35]} 14. Qe4 {[%clk 01:21:33]} {[%emt 00:02:39]} f5
{[%clk 00:31:56]} {[%emt 00:27:42]} 15. Qf3 {[%clk 01:18:16]} {[%emt 00:03:47]}
axb3 {[%clk 00:25:58]} {[%emt 00:06:28]} 16. axb3 {[%clk 01:18:41]} {[%emt
00:00:05]} d6 {[%clk 00:25:33]} {[%emt 00:00:54]} 17. Qxc6 {[%clk 01:17:08]}
{[%emt 00:02:03]} dxe5 {[%clk 00:24:53]} {[%emt 00:01:10]} 18. Qxe6+ {[%clk
01:17:30]} {[%emt 00:00:08]} Bxe6 {[%clk 00:25:18]} {[%emt 00:00:06]} 19. fxe5
{[%clk 01:17:08]} {[%emt 00:00:52]} Nd7 {[%clk 00:25:13]} {[%emt 00:00:34]} 20.
Nb5 {[%clk 01:10:55]} {[%emt 00:06:44]} Bxd2+ {[%clk 00:19:42]} {[%emt
00:06:01]} 21. Kxd2 {[%clk 01:11:17]} {[%emt 00:00:08]} Ra2+ {[%clk 00:19:41]}
{[%emt 00:00:31]} 22. Kc3 {[%clk 01:11:30]} {[%emt 00:00:17]} Nc5 {[%clk
00:17:33]} {[%emt 00:02:37]} 23. Nxc7 {[%clk 01:09:58]} {[%emt 00:02:02]} Ne4+
{[%clk 00:17:41]} {[%emt 00:00:22]} 24. Kd4 {[%clk 01:08:18]} {[%emt 00:02:10]}
Rd2+ {[%clk 00:12:18]} {[%emt 00:05:54]} 25. Ke3 {[%clk 01:05:49]} {[%emt
00:02:59]} f4+ {[%clk 00:09:56]} {[%emt 00:02:52]} 26. Kxe4 {[%clk 01:06:15]}
{[%emt 00:00:04]} Bf5+ {[%clk 00:10:23]} {[%emt 00:00:03]} 27. Kf3 {[%clk
01:06:33]} {[%emt 00:00:12]} Bxb1 {[%clk 00:10:48]} {[%emt 00:00:05]} 28. c5
{[%clk 01:06:33]} {[%emt 00:00:31]} Bg6 {[%clk 00:06:39]} {[%emt 00:04:38]} 29.
Bc4+ {[%clk 01:06:59]} {[%emt 00:00:04]} Kh8 {[%clk 00:07:05]} {[%emt
00:00:04]} 30. Ne6 {[%clk 01:03:06]} {[%emt 00:04:23]} Bh5+ {[%clk 00:06:16]}
{[%emt 00:01:19]} 31. g4 {[%clk 01:03:20]} {[%emt 00:00:16]} fxg3+ {[%clk
00:06:41]} {[%emt 00:00:05]} 32. Kxg3 {[%clk 01:03:46]} {[%emt 00:00:04]} Rf3+
{[%clk 00:06:48]} {[%emt 00:00:23]} 33. Kh4 {[%clk 01:04:13]} {[%emt 00:00:04]}
Bf7 {[%clk 00:04:18]} {[%emt 00:02:59]} 34. Kg4 {[%clk 01:02:52]} {[%emt
00:01:52]} Rdf2 {[%clk 00:03:40]} {[%emt 00:01:08]} 35. Ng5 {[%clk 01:02:25]}
{[%emt 00:00:57]} Rf4+ {[%clk 00:01:45]} {[%emt 00:02:26]} 36. Kg3 {[%clk
01:02:48]} {[%emt 00:00:07]} Bxc4 {[%clk 00:02:09]} {[%emt 00:00:06]} 37. bxc4
{[%clk 01:03:15]} {[%emt 00:00:03]} h6 {[%clk 00:02:33]} {[%emt 00:00:06]} 38.
e6 {[%clk 01:02:13]} {[%emt 00:01:32]} hxg5 {[%clk 00:02:45]} {[%emt 00:00:17]}
39. e7 {[%clk 01:02:40]} {[%emt 00:00:03]} Re2 {[%clk 00:02:47]} {[%emt
00:00:28]} 40. h4 {[%clk 01:03:07]} {[%emt 00:00:03]} Re3+ {[%clk 00:03:07]}
{[%emt 00:00:10]} 0-1

[Event "WLC A groep"]
[Site "Eindhoven, Netherlands"]
[Date "2019.05.26"]
[Round "6.8"]
[White "Payyappat, Sreyas"]
[Black "Sprangers, Remco"]
[Result "0-1"]
[WhiteElo "1727"]
[BlackElo "2268"]

1. e4 {[%clk 01:30:57]} {[%emt 00:00:01]} c5 {[%clk 01:30:57]} {[%emt
00:00:04]} 2. Nf3 {[%clk 01:30:38]} {[%emt 00:00:48]} d6 {[%clk 01:31:18]}
{[%emt 00:00:10]} 3. d4 {[%clk 01:31:00]} {[%emt 00:00:07]} cxd4 {[%clk
01:31:45]} {[%emt 00:00:05]} 4. Nxd4 {[%clk 01:31:13]} {[%emt 00:00:17]} Nf6
{[%clk 01:32:09]} {[%emt 00:00:06]} 5. Nc3 {[%clk 01:31:28]} {[%emt 00:00:14]}
a6 {[%clk 01:32:24]} {[%emt 00:00:16]} 6. f4 {[%clk 01:31:46]} {[%emt
00:00:12]} e5 {[%clk 01:32:28]} {[%emt 00:00:27]} 7. Nf3 {[%clk 01:32:06]}
{[%emt 00:00:09]} Nbd7 {[%clk 01:32:53]} {[%emt 00:00:06]} 8. Bd3 {[%clk
01:28:58]} {[%emt 00:03:37]} Be7 {[%clk 01:33:09]} {[%emt 00:00:15]} 9. O-O
{[%clk 01:28:55]} {[%emt 00:00:32]} exf4 {[%clk 01:32:04]} {[%emt 00:01:35]} 10.
Kh1 {[%clk 01:28:05]} {[%emt 00:01:20]} Nc5 {[%clk 01:23:26]} {[%emt 00:09:09]}
11. Bxf4 {[%clk 01:26:29]} {[%emt 00:02:05]} O-O {[%clk 01:23:33]} {[%emt
00:00:23]} 12. Qd2 {[%clk 01:25:59]} {[%emt 00:00:59]} b5 {[%clk 01:23:18]}
{[%emt 00:00:46]} 13. Nd4 {[%clk 01:24:15]} {[%emt 00:02:13]} Bb7 {[%clk
01:22:33]} {[%emt 00:01:16]} 14. Nf5 {[%clk 01:21:22]} {[%emt 00:03:23]} Nxd3
{[%clk 01:06:49]} {[%emt 00:16:13]} 15. Qxd3 {[%clk 01:18:58]} {[%emt
00:02:53]} Re8 {[%clk 00:59:55]} {[%emt 00:07:25]} 16. Bxd6 {[%clk 01:18:02]}
{[%emt 00:01:26]} Bxd6 {[%clk 00:51:14]} {[%emt 00:09:10]} 17. Nxd6 {[%clk
01:18:23]} {[%emt 00:00:09]} Re7 {[%clk 00:51:08]} {[%emt 00:00:36]} 18. Nxb7
{[%clk 01:17:55]} {[%emt 00:00:59]} Rxb7 {[%clk 00:51:30]} {[%emt 00:00:07]} 19.
e5 {[%clk 01:18:17]} {[%emt 00:00:08]} b4 {[%clk 00:43:32]} {[%emt 00:08:28]}
20. exf6 {[%clk 01:16:37]} {[%emt 00:02:10]} Qxd3 {[%clk 00:43:57]} {[%emt
00:00:06]} 21. cxd3 {[%clk 01:17:02]} {[%emt 00:00:05]} bxc3 {[%clk 00:44:23]}
{[%emt 00:00:04]} 22. bxc3 {[%clk 01:17:23]} {[%emt 00:00:08]} Rb2 {[%clk
00:44:18]} {[%emt 00:00:35]} 23. fxg7 {[%clk 01:15:59]} {[%emt 00:01:54]} Re8
{[%clk 00:43:34]} {[%emt 00:01:15]} 24. Rae1 {[%clk 01:14:13]} {[%emt
00:02:15]} Rxe1 {[%clk 00:43:53]} {[%emt 00:00:12]} 25. Rxe1 {[%clk 01:14:41]}
{[%emt 00:00:02]} Rxa2 {[%clk 00:44:02]} {[%emt 00:00:20]} 26. g3 {[%clk
01:14:30]} {[%emt 00:00:41]} a5 {[%clk 00:43:04]} {[%emt 00:01:28]} 27. d4
{[%clk 01:14:04]} {[%emt 00:00:56]} Kxg7 {[%clk 00:42:29]} {[%emt 00:01:05]} 28.
c4 {[%clk 01:13:53]} {[%emt 00:00:41]} a4 {[%clk 00:42:22]} {[%emt 00:00:37]}
29. c5 {[%clk 01:13:28]} {[%emt 00:00:55]} Rc2 {[%clk 00:42:05]} {[%emt
00:00:47]} 30. Ra1 {[%clk 01:13:40]} {[%emt 00:00:18]} Rc4 {[%clk 00:42:23]}
{[%emt 00:00:12]} 31. c6 {[%clk 01:13:51]} {[%emt 00:00:19]} Rxd4 {[%clk
00:42:30]} {[%emt 00:00:23]} 32. c7 {[%clk 01:13:59]} {[%emt 00:00:22]} Rc4
{[%clk 00:42:52]} {[%emt 00:00:08]} 33. Rxa4 {[%clk 01:14:23]} {[%emt
00:00:06]} Rxc7 {[%clk 00:43:16]} {[%emt 00:00:06]} 34. Ra2 {[%clk 01:14:33]}
{[%emt 00:00:20]} Rc3 {[%clk 00:43:39]} {[%emt 00:00:07]} 35. Kg2 {[%clk
01:14:58]} {[%emt 00:00:05]} Kg6 {[%clk 00:44:02]} {[%emt 00:00:08]} 36. h4
{[%clk 01:15:11]} {[%emt 00:00:16]} f5 {[%clk 00:44:19]} {[%emt 00:00:14]} 37.
Ra4 {[%clk 01:15:05]} {[%emt 00:00:36]} Kf6 {[%clk 00:43:11]} {[%emt 00:01:37]}
38. Kh3 {[%clk 01:15:27]} {[%emt 00:00:08]} h5 {[%clk 00:41:35]} {[%emt
00:02:08]} 39. Ra6+ {[%clk 01:15:31]} {[%emt 00:00:26]} Ke5 {[%clk 00:42:00]}
{[%emt 00:00:05]} 40. Rh6 {[%clk 01:15:53]} {[%emt 00:00:07]} f4 {[%clk
00:41:37]} {[%emt 00:00:54]} 41. Rxh5+ {[%clk 01:16:09]} {[%emt 00:00:14]} Ke4
{[%clk 00:41:50]} {[%emt 00:00:16]} 42. Rg5 {[%clk 01:16:01]} {[%emt 00:00:38]}
f3 {[%clk 00:40:23]} {[%emt 00:01:57]} 43. Rg4+ {[%clk 01:16:26]} {[%emt
00:00:05]} Ke3 {[%clk 00:39:58]} {[%emt 00:00:55]} 44. Rf4 {[%clk 01:16:32]}
{[%emt 00:00:24]} Rc1 {[%clk 00:38:57]} {[%emt 00:01:32]} 45. Rf8 {[%clk
01:16:53]} {[%emt 00:00:10]} f2 {[%clk 00:39:04]} {[%emt 00:00:22]} 46. Re8+
{[%clk 01:17:04]} {[%emt 00:00:19]} Kd4 {[%clk 00:39:13]} {[%emt 00:00:21]} 47.
Rf8 {[%clk 01:15:52]} {[%emt 00:01:42]} f1=Q+ {[%clk 00:39:27]} {[%emt
00:00:16]} 48. Rxf1 {[%clk 01:16:16]} {[%emt 00:00:06]} Rxf1 {[%clk 00:39:53]}
{[%emt 00:00:03]} 49. Kg4 {[%clk 01:16:36]} {[%emt 00:00:10]} Ke5 {[%clk
00:40:11]} {[%emt 00:00:13]} 50. Kg5 {[%clk 01:17:00]} {[%emt 00:00:06]} Ke6
{[%clk 00:40:30]} {[%emt 00:00:11]} 51. g4 {[%clk 01:16:48]} {[%emt 00:00:42]}
Kf7 {[%clk 00:40:43]} {[%emt 00:00:17]} 52. Kh6 {[%clk 01:16:54]} {[%emt
00:00:24]} Rf6+ {[%clk 00:40:47]} {[%emt 00:00:25]} 53. Kh5 {[%clk 01:16:56]}
{[%emt 00:00:28]} Kg7 {[%clk 00:40:57]} {[%emt 00:00:21]} 54. Kg5 {[%clk
01:17:22]} {[%emt 00:00:04]} Rb6 {[%clk 00:41:17]} {[%emt 00:00:10]} 55. Kf5
{[%clk 01:16:49]} {[%emt 00:01:03]} Rb5+ {[%clk 00:41:26]} {[%emt 00:00:21]} 56.
Ke4 {[%clk 01:16:37]} {[%emt 00:00:42]} Kf6 {[%clk 00:41:36]} {[%emt 00:00:20]}
57. Kf4 {[%clk 01:16:43]} {[%emt 00:00:24]} Rb4+ {[%clk 00:42:02]} {[%emt
00:00:05]} 58. Kg3 {[%clk 01:16:49]} {[%emt 00:00:23]} Rb3+ {[%clk 00:41:15]}
{[%emt 00:01:18]} 59. Kf4 {[%clk 01:17:09]} {[%emt 00:00:09]} Rh3 {[%clk
00:41:41]} {[%emt 00:00:05]} 60. h5 {[%clk 01:15:47]} {[%emt 00:01:52]} Rh4
{[%clk 00:42:03]} {[%emt 00:00:08]} 61. Kg3 {[%clk 01:15:24]} {[%emt 00:00:53]}
Kg5 {[%clk 00:42:28]} {[%emt 00:00:05]} 62. Kf3 {[%clk 01:15:48]} {[%emt
00:00:06]} Rh3+ {[%clk 00:42:52]} {[%emt 00:00:06]} 63. Kg2 {[%clk 01:16:15]}
{[%emt 00:00:05]} Rb3 {[%clk 00:43:14]} {[%emt 00:00:08]} 64. Kf2 {[%clk
01:16:37]} {[%emt 00:00:08]} Kxg4 {[%clk 00:43:36]} {[%emt 00:00:07]} 65. h6
{[%clk 01:17:04]} {[%emt 00:00:04]} Rh3 {[%clk 00:44:01]} {[%emt 00:00:05]} 66.
Kg2 {[%clk 01:17:30]} {[%emt 00:00:03]} Rxh6 {[%clk 00:44:27]} {[%emt
00:00:05]} 67. Kf2 {[%clk 01:17:51]} {[%emt 00:00:08]} Re6 {[%clk 00:44:52]}
{[%emt 00:00:05]} 68. Kg2 {[%clk 01:18:16]} {[%emt 00:00:05]} Re2+ {[%clk
00:45:18]} {[%emt 00:00:04]} 69. Kf1 {[%clk 01:18:43]} {[%emt 00:00:03]} Kf3
{[%clk 00:45:37]} {[%emt 00:00:11]} 70. Kg1 {[%clk 01:19:08]} {[%emt 00:00:05]}
Rb2 {[%clk 00:46:01]} {[%emt 00:00:07]} 71. Kh1 {[%clk 01:19:35]} {[%emt
00:00:04]} Kg3 {[%clk 00:46:26]} {[%emt 00:00:05]} 72. Kg1 {[%clk 01:20:01]}
{[%emt 00:00:04]} Rb1# {[%emt 00:00:03]} 0-1